| 000 | 00557nam a22001817a 4500 | ||
|---|---|---|---|
| 005 | 20231031072648.0 | ||
| 008 | 231031b |||||||| |||| 00| 0 eng d | ||
| 020 | _a0702124036 | ||
| 041 | _aEnglish | ||
| 082 | _a347.1 STR | ||
| 100 |
_aStrauss, S _lEnglish |
||
| 245 |
_aYou in the Small Claims Court : _ba practical guide / _cS Strauss |
||
| 250 | _aSecond Edition | ||
| 260 |
_aCape Town : _bJuta and Company Ltd, _c1990 |
||
| 300 |
_bxvi, 138 pages ; _c23 cm. |
||
| 650 |
_alegal practice _bLaw |
||
| 942 |
_cBK _6ALISON_BN_VRIES |
||
| 999 |
_c164 _d164 |
||